Top 10 des évènements sportifs les plus regardés - Statistiques

Statistiques générales
  • Ce quiz a été pris 586 fois
  • Le résultat moyen est 5 sur 10
Statistiques - réponses
Hint Réponse % Correct
3.3 Milliard Coupe du monde foot masculin
98%
1.9 Milliard JO d'hiver
70%
500 Millions Super bowl
62%
4 Millard JO d'été
52%
1.8 Milliard Euro foot
51%
480 Millions Coupe du monde de rugby
44%
380 Millions Ligue des champions
41%
3 milliard Tour de france
39%
2.7 Milliard Coupe du monde de Cricket
27%
100 Millions Grand prix formule 1
22%
Aucun quiz correspondant
Distribution des résultats
% des personnes avec chaque résultat
Percentile par nombre de réponses
Votre historique - résultats
Vous n’avez pas pris ce quiz